Gernaili Sarrak / (Record no. 611466)

000 -LEADER
fixed length control field 00436nam a22001697a 4500
003 - CONTROL NUMBER IDENTIFIER
control field NUST
005 - DATE AND TIME OF LATEST TRANSACTION
control field 20240910145754.0
008 - FIXED-LENGTH DATA ELEMENTS--GENERAL INFORMATION
fixed length control field 240910b ||||| |||| 00| 0 eng d
020 ## - INTERNATIONAL STANDARD BOOK NUMBER
International Standard Book Number 9693501977
082 ## - DEWEY DECIMAL CLASSIFICATION NUMBER
Classification number 910.4,RAZ
100 ## - MAIN ENTRY--PERSONAL NAME
Personal name Raza Ali Aabdi
9 (RLIN) 9198
245 ## - TITLE STATEMENT
Title Gernaili Sarrak /
Statement of responsibility, etc. Raza Ali Aabdi
260 ## - PUBLICATION, DISTRIBUTION, ETC.
Place of publication, distribution, etc. Lahore
Name of publisher, distributor, etc. Sang-e-Meel
Date of publication, distribution, etc. 2017
300 ## - PHYSICAL DESCRIPTION
Extent 310 p
650 ## - SUBJECT ADDED ENTRY--TOPICAL TERM
Topical term or geographic name entry element Urdu Literature - Travelogue
9 (RLIN) 3136
942 ## - ADDED ENTRY ELEMENTS (KOHA)
Source of classification or shelving scheme
Koha item type Book
Holdings
Withdrawn status Lost status Source of classification or shelving scheme Damaged status Not for loan Permanent Location Current Location Shelving location Date acquired Total Checkouts Full call number Barcode Date last seen Price effective from Koha item type Public note
          Military College of Signals (MCS) Military College of Signals (MCS) General Stacks 09/10/2024   910.4,RAZ MCS38415 09/10/2024 09/10/2024 Book Almirah Fresh No.45, Shelf No.6
© 2023 Central Library, National University of Sciences and Technology. All Rights Reserved.